000 01376cam a22003495a 4500
001 015845980
003 OSt
005 20160926145130.0
008 110708t2012 nyua fr 001 0 eng d
015 _aGBB182984
_2bnb
016 7 _a015845980
_2Uk
020 _a9780071635097 (pbk.)
020 _a0071635092 (pbk.)
040 _aStDuBDS
_beng
_cStDuBDS
_dUk
_dEG-ScBUE
082 0 4 _a621.3822076
_bHAY
_222
100 1 _aHayes, M. H.‏
_q(Monson H.),‏
_d1949-‏
_941246
245 1 0 _aDigital signal processing /
_cMonson H. Hayes.
246 3 3 _aSchaum’s outline of digital signal processing
250 _a2nd ed.
260 _aNew York :
_bMcGraw-Hill,
_cc.2012.
300 _aix, 432 p. :
_bill. ;
_c28 cm.
490 0 _aSchaum’s outline series
500 _aIndex : p. 429-432.
500 _aUse with these courses : Signals and systems - Digital signal processing - digital filters and signal processing - discrete-time and continuous-time linear systems.
650 0 _aSignal processing
_xDigital techniques
_vOutlines, syllabi, etc.
_2BUEsh
650 0 _aSignal processing
_xDigital techniques
_vProblems, exercises, etc
_2BUEsh
651 _2BUEsh
653 _bENGELC
_cSeptember2016
655 _vReading book
_934232
700 1 _aHayes, M. H.
_q(Monson H.),
_d1949-
_tSchaum's outline of theory and problems of digital signal processing.
942 _2ddc
999 _c22413
_d22385